| 000 | 02924nam a2200325 4500 | ||
|---|---|---|---|
| 003 | EC-UNACH | ||
| 005 | 20251031101352.0 | ||
| 006 | s||||gr|||| 00| 00 | ||
| 008 | 150116t9999 mx r gr 000 0 spa d | ||
| 020 | _a978-9942-07-169-9 | ||
| 040 |
_aEC-UNACH _cEC-UNACH |
||
| 041 | _aspa | ||
| 082 | 0 | 4 |
_223 _a340 MON _bL017884 |
| 110 | _aCorte Constitucional para el Partido de Transición | ||
| 245 | _aApuntes de derecho procesal constitucional : Cuadernos de trabajo | ||
| 250 | _aPrimera edición | ||
| 264 |
_aQuito – Ecuador _bCentro de Estudios y Difusión del Derecho Constitucional, _c2013 |
||
| 300 |
_a259 páginas : 21 cm Incluye CD-ROM _bTexto |
||
| 505 | _aTOMO 1. CAPÍTULO1. Parte general: introducción al derecho procesal constitucional. -- Algunas consideraciones acerca del nuevo modelo constitucional ecuatoriano. -- Justicia constitucional: evolución histórica. -- El sistema de fuentes del derecho en el nuevo constitucionalismo latinoamericano. -- CAPÍTULO2. Interpretación constitucional, argumentación jurídica y jurisprudencia vinculante. -- La hermenéutica constitucional: los ribetes del problema principal de la teoría jurídica contemporánea. -- Sobre la dimensión argumentativa del derecho. -- Jurisprudencia vinculante y precedente constitucional. -- TOMO 2. Parte especial 1 Garantías constitucionales en Ecuador. -- Apuntes sobre teoría general de las garantías constitucionales. -- La prueba en los procesos constitucionales: aproximaciones a los principales retos en el caso ecuatoriano. -- Reparación integral en la justicia constitucional. -- Las medidas cautelares en la nueva Constitución del Ecuador. -- Aproximación a los elementos básicos de la acción de protección. -- La acción extraordinaria de protección: naturaleza, competencia y procedimiento. -- El hábeas corpus en un Estado constitucional de derechos y justicia. -- El hábeas data en Ecuador. -- La acción de acceso a la información pública. -- La acción por incumplimiento: garantía de la seguridad jurídica. -- Cumplimiento de sentencias y dictámenes constitucionales. -- TOMO 3. Parte especial 2 Control Constitucional y otras competencias de la Corte Constitucional. -- La Interpretación Constitucional, variaciones de un Tema Inconcluso. -- Aproximación al Control Abstracto en el Ecuador. -- La Acción de Inconstitucionalidad. -- El Estado de Excepción en el Ecuador. -- Control Concreto de Constitucionalidad en el Ordenamiento Jurídico Ecuatoriano. -- La Consulta de Constitucionalidad. -- Sentencias Constitucionales: Tipos y Efectos. | ||
| 650 | _aCONSTITUCIÓN | ||
| 650 | _aINTERPRETACIÓN JUDICIAL | ||
| 650 | _aSENTENCIAS | ||
| 700 | _aMontaña Pinto, Juan | ||
| 942 |
_2ddc _c1 |
||
| 999 | _c14128 | ||